hello all lyrics oasis - Statistics

General Stats
  • This quiz has been taken 106 times
    83 since last reset
  • The average score is 184 of 241
Answer Stats
lyrics % Correct
hello
98%
i
98%
a
96%
be
92%
(be)
92%
and
90%
the
90%
to
90%
(to)
90%
you
90%
it
88%
my
86%
we
86%
in
84%
its
84%
(its)
84%
life
84%
no
84%
away
82%
day
82%
ever
82%
your
82%
are
80%
dont
80%
is
80%
know
80%
shadows
80%
all
78%
feel
78%
gonna
78%
if
78%
live
78%
me
78%
never
78%
nobody
78%
play
78%
same
78%
take
78%
as
76%
cause
76%
chance
76%
game
76%
remember
76%
time
76%
had
73%
seems
73%
up
73%
weather
73%
break
71%
make
71%
days
69%
nights
69%
shine
69%
sun
69%
threw
69%
will
69%
(back)
67%
(good)
67%
long
67%
mentions
67%
or
67%
rain
65%
says
63%
years
63%
comes
61%
throw
61%
falling
57%
like
57%
knew
55%
can
53%
got
53%
shit
53%
from
51%
by
49%
house
49%
shoes
49%
there
49%
faith
47%
wipe
47%
so
45%
but
43%
feeling
43%
they
43%
aint
41%
still
41%
lonely
39%
till
37%
ive
35%
sense
33%
owe
31%
(said)
31%
No matching quizzes found
Score Distribution
Percent of People with Each Score
Percentile by Number Answered
Your Score History
You have not taken this quiz since the last reset